Nenne die zehn größten Städte Großbritanniens - Statistiken

Allgemein
  • Dieses Quiz wurde 926 mal gespielt
  • Das Durchschnittsergebnis liegt bei 7 aus 10
Antwortstatistiken
Einwohner Stadt % Korrekt
9,05 Millionen London
100%
0,56 Millionen Manchester
95%
0,59 Millionen Liverpool
94%
1,16 Millionen Birmingham
86%
0,63 Millionen Glasgow
80%
0,5 Millionen Edinburgh
72%
0,51 Millionen Leeds
71%
0,58 Millionen Bristol
48%
0,55 Millionen Sheffield
48%
0,47 Millionen Leicester
36%
Keine übereinstimmenden Quizze gefunden
Verteilung der Resultate
Anzahl Personen mit jedem Resultat
Perzentil nach korrekt beantworteten Fragen
Ihre Resultats-Entwicklung
Sie haben dieses Quiz noch nicht gespielt